<?xml version="1.0" encoding="UTF-8"?>
<record
    xmlns:xsi="http://www.w3.org/2001/XMLSchema-instance"
    xsi:schemaLocation="http://www.loc.gov/MARC21/slim http://www.loc.gov/standards/marcxml/schema/MARC21slim.xsd"
    xmlns="http://www.loc.gov/MARC21/slim">

  <leader>03366nam a2200325 i 4500</leader>
  <controlfield tag="003">EG-GICUC</controlfield>
  <controlfield tag="005">20260427182955.0</controlfield>
  <controlfield tag="008">260427s2008    ua  |||fr|||| 00| 0 ara d</controlfield>
  <datafield tag="040" ind1=" " ind2=" ">
    <subfield code="a"> EG-GICUC</subfield>
    <subfield code="b">ara</subfield>
    <subfield code="c"> EG-GICUC</subfield>
    <subfield code="d"> EG-GICUC</subfield>
    <subfield code="e">rda</subfield>
  </datafield>
  <datafield tag="041" ind1="0" ind2=" ">
    <subfield code="a">Ara </subfield>
  </datafield>
  <datafield tag="082" ind1="0" ind2="4">
    <subfield code="2">21</subfield>
    <subfield code="a">343.3807</subfield>
    <subfield code="b">&#x645; &#x62C; . &#x645;</subfield>
  </datafield>
  <datafield tag="092" ind1="0" ind2="4">
    <subfield code="2">21</subfield>
  </datafield>
  <datafield tag="099" ind1=" " ind2=" ">
    <subfield code="a">Law1 10 343.3807 &#x645; &#x62C; . &#x645;  2008</subfield>
  </datafield>
  <datafield tag="100" ind1="0" ind2=" ">
    <subfield code="a">&#x645;&#x62C;&#x62F;&#x649; &#x645;&#x62D;&#x645;&#x648;&#x62F; &#x645;&#x62D;&#x628; &#x62D;&#x627;&#x641;&#x638; </subfield>
    <subfield code="e">&#x645;&#x624;&#x644;&#x641;.</subfield>
  </datafield>
  <datafield tag="245" ind1="1" ind2="0">
    <subfield code="a">&#x645;&#x648;&#x633;&#x648;&#x639;&#x629; &#x627;&#x644;&#x639;&#x62F;&#x627;&#x644;&#x629; &#x641;&#x649; &#x623;&#x62D;&#x643;&#x627;&#x645; &#x627;&#x644;&#x646;&#x642;&#x636; &#x627;&#x644;&#x62C;&#x646;&#x627;&#x626;&#x649; &#x641;&#x649; &#x639;&#x634;&#x631; &#x633;&#x646;&#x648;&#x627;&#x62A; &#x645;&#x646; 1997 - 2007.</subfield>
    <subfield code="n">&#x627;&#x644;&#x62C;&#x632;&#x621; &#x627;&#x644;&#x62B;&#x627;&#x646;&#x649;&#x60C;</subfield>
    <subfield code="p">&#x625;&#x636;&#x631;&#x627;&#x631; &#x63A;&#x64A;&#x631; &#x639;&#x645;&#x62F;&#x649; &#x625;&#x639;&#x627;&#x646;&#x629; &#x627;&#x644;&#x62C;&#x646;&#x627;&#x629; &#x639;&#x644;&#x649; &#x627;&#x644;&#x641;&#x631;&#x627;&#x631; &#x625;&#x639;&#x62F;&#x627;&#x645; . &#x623;&#x639;&#x630;&#x627;&#x631; &#x642;&#x627;&#x646;&#x648;&#x646;&#x64A;&#x629; . &#x627;&#x639;&#x644;&#x627;&#x645; &#x648;&#x631;&#x627;&#x62B;&#x629; - &#x625;&#x639;&#x644;&#x627;&#x646; - &#x625;&#x641;&#x644;&#x627;&#x633; &#x625;&#x643;&#x631;&#x627;&#x647; * &#x627;&#x644;&#x62A;&#x645;&#x627;&#x633; &#x625;&#x639;&#x627;&#x62F;&#x629; &#x627;&#x644;&#x646;&#x638;&#x631; * &#x645;&#x64A;&#x639;&#x627;&#x62F;&#x647; * &#x634;&#x631;&#x648;&#x637;&#x647; - &#x625;&#x644;&#x62D;&#x627;&#x642; &#x627;&#x644;&#x645;&#x635;&#x631;&#x64A;&#x64A;&#x646; &#x644;&#x644;&#x639;&#x645;&#x644; &#x628;&#x627;&#x644;&#x62E;&#x627;&#x631;&#x62C; * &#x627;&#x644;&#x631;&#x642;&#x627;&#x628;&#x629; &#x639;&#x644;&#x649; &#x627;&#x644;&#x645;&#x639;&#x627;&#x62F;&#x646; &#x627;&#x644;&#x62B;&#x645;&#x64A;&#x646;&#x629; . &#x627;&#x644;&#x639;&#x645;&#x644; &#x644;&#x62F;&#x649; &#x62C;&#x647;&#x629; &#x623;&#x62C;&#x646;&#x628;&#x64A;&#x629; &#x628;&#x63A;&#x64A;&#x631; &#x625;&#x630;&#x646; * &#x623;&#x645;&#x631; &#x628;&#x627;&#x644;&#x623;&#x648;&#x62C;&#x647; &#x644;&#x625;&#x642;&#x627;&#x645;&#x629; &#x627;&#x644;&#x62F;&#x639;&#x648;&#x649; * &#x623;&#x645;&#x631; &#x62D;&#x641;&#x638; &#x628;&#x637;&#x644;&#x627;&#x646; &#x60C; &#x628;&#x644;&#x627;&#x63A; &#x643;&#x627;&#x630;&#x628; * &#x628;&#x646;&#x627;&#x647;&#x627; &#x628;&#x646;&#x627;&#x621; &#x639;&#x644;&#x649; &#x623;&#x631;&#x636; &#x632;&#x631;&#x627;&#x639;&#x64A;&#x629; * &#x628;&#x64A;&#x646;&#x629; * &#x62A;&#x628;&#x62F;&#x64A;&#x62F; * &#x62A;&#x628;&#x648;&#x64A;&#x631; &#x623;&#x631;&#x636; &#x632;&#x631;&#x627;&#x639;&#x64A;&#x629; * &#x625;&#x647;&#x627;&#x646;&#x629; &#x627;&#x644;&#x645;&#x648;&#x638;&#x641; &#x627;&#x644;&#x639;&#x627;&#x645; &#x60C; &#x623;&#x648; &#x623;&#x645;&#x631; &#x639;&#x633;&#x643;&#x631;&#x64A;&#x629; * &#x625;&#x64A;&#x62C;&#x627;&#x631; &#x623;&#x645;&#x627;&#x643;&#x646; * &#x628;&#x637;&#x644;&#x627;&#x646; .. &#x631; &#x62A;&#x62C;&#x645;&#x647;&#x631;&#x647; &#x62A;&#x62F;&#x627;&#x62E;&#x644; &#x641;&#x64A; &#x648;&#x638;&#x64A;&#x641;&#x629; &#x639;&#x645;&#x648;&#x645;&#x64A;&#x629; * &#x62A;&#x631;&#x64A;&#x62D; : &#x62A;&#x631;&#x628;&#x64A;&#x629; &#x627;&#x644;&#x62F;&#x648;&#x627;&#x62C;&#x646; &#x623;&#x639;&#x644;&#x649; &#x633;&#x637;&#x62D; &#x627;&#x644;&#x639;&#x642;&#x627;&#x631; * &#x62A;&#x631;&#x635;&#x62F; &#x648; &#x62A;&#x632;&#x648;&#x64A;&#x631; &#x648;&#x627;&#x644;&#x637;&#x639;&#x646; &#x628;&#x627;&#x644;&#x62A;&#x632;&#x648;&#x64A;&#x631; &#x648; &#x627;&#x644;&#x62A;&#x632;&#x648;&#x64A;&#x631; &#x627;&#x648;&#x631;&#x627;&#x642; &#x631;&#x633;&#x645;&#x64A;&#x629; * &#x627;&#x644;&#x62A;&#x632;&#x648;&#x64A;&#x631; &#x641;&#x64A; &#x623;&#x648;&#x631;&#x627;&#x642; &#x639;&#x631;&#x641;&#x64A;&#x629; + &#x625;&#x62B;&#x628;&#x627;&#x62A; &#x627;&#x644;&#x62A;&#x632;&#x648;&#x64A;&#x631; &#x648; &#x627;&#x644;&#x625;&#x634;&#x62A;&#x631;&#x627;&#x643; &#x641;&#x64A; &#x627;&#x644;&#x62A;&#x632;&#x648;&#x64A;&#x631; + &#x637;&#x628;&#x64A;&#x639;&#x629; &#x62C;&#x631;&#x64A;&#x645;&#x629; &#x627;&#x644;&#x62A;&#x632;&#x648;&#x64A;&#x631; * &#x62A;&#x633;&#x62C;&#x64A;&#x644; &#x627;&#x644;&#x645;&#x62D;&#x627;&#x62F;&#x62B;&#x627;&#x62A; &#x648; &#x62A;&#x639;&#x62F;&#x649; &#x639;&#x644;&#x649; &#x62A;&#x641;&#x62A;&#x64A;&#x634; * &#x627;&#x644;&#x62A;&#x641;&#x62A;&#x64A;&#x634; &#x627;&#x644;&#x648;&#x642;&#x627;&#x626;&#x64A; * &#x627;&#x644;&#x62A;&#x641;&#x62A;&#x64A;&#x634; &#x628;&#x625;&#x630;&#x646; &#x648; &#x627;&#x644;&#x62A;&#x641;&#x62A;&#x64A;&#x634; &#x628;&#x63A;&#x64A;&#x631; &#x625;&#x630;&#x646; * &#x625;&#x630;&#x646; &#x627;&#x644;&#x62A;&#x641;&#x62A;&#x64A;&#x634; * &#x623;&#x645;&#x644;&#x627;&#x643; &#x627;&#x644;&#x62F;&#x648;&#x644;&#x629; : &#x62A;&#x639;&#x62F;&#x649; &#x639;&#x644;&#x649; &#x645;&#x648;&#x638;&#x641; &#x639;&#x627;&#x645; + &#x62A;&#x639;&#x630;&#x64A;&#x628; * &#x62A;&#x639;&#x648;&#x64A;&#x636; &#x62A;&#x641;&#x62A; &#x628;&#x64A;&#x627;&#x646;&#x627;&#x62A;&#x647; &#x648;&#x627;&#x644;&#x62A;&#x648;&#x642;&#x64A;&#x639; &#x639;&#x644;&#x64A;&#x647; * &#x625;&#x635;&#x62F;&#x627;&#x631;&#x647; &#x648; &#x62A;&#x646;&#x641;&#x64A;&#x630;&#x647; &#x648; &#x62A;&#x641;&#x62A;&#x64A;&#x634; &#x627;&#x644;&#x623;&#x646;&#x62B;&#x649; * &#x62A;&#x642;&#x627;&#x62F;&#x645; * &#x62A;&#x642;&#x631;&#x64A;&#x631; &#x62A;&#x644;&#x62E;&#x64A;&#x635; &#x648; &#x62A;&#x642;&#x633;&#x64A;&#x645; &#x648; &#x62A;&#x642;&#x644;&#x64A;&#x62F; * &#x62A;&#x644;&#x628;&#x633; * &#x62A;&#x644;&#x642;&#x649; &#x627;&#x644;&#x623;&#x645;&#x648;&#x627;&#x644; - &#x62C;&#x631;&#x64A;&#x645;&#x629; : &#x623;&#x631;&#x643;&#x627;&#x646;&#x647;&#x627; &#x627;&#x644;&#x62C;&#x631;&#x64A;&#x645;&#x629; &#x627;&#x644;&#x645;&#x633;&#x62A;&#x62D;&#x64A;&#x644;&#x629; &#x648; &#x627;&#x644;&#x62C;&#x631;&#x64A;&#x645;&#x629; &#x627;&#x644;&#x645;&#x633;&#x62A;&#x645;&#x631;&#x629; - &#x62C;&#x631;&#x627;&#x626;&#x645; &#x627;&#x644;&#x62C;&#x644;&#x633;&#x627;&#x62A; . &#x62C;&#x645;&#x627;&#x631;&#x643; * &#x62D;&#x631;&#x64A;&#x642; &#x639;&#x645;&#x62F; : &#x62D;&#x643;&#x645; * &#x625;&#x635;&#x62F;&#x627;&#x631;&#x647; * &#x628;&#x64A;&#x627;&#x646;&#x627;&#x62A; &#x627;&#x644;&#x62F;&#x64A;&#x628;&#x627;&#x62C;&#x629; * &#x648;&#x636;&#x639;&#x647; &#x648;&#x627;&#x644;&#x62A;&#x648;&#x642;&#x64A;&#x639; &#x639;&#x644;&#x64A;&#x647; * &#x648;&#x635;&#x641;&#x647; * &#x62D;&#x62C;&#x64A;&#x62A;&#x647; &#x648; &#x62A;&#x635;&#x62D;&#x64A;&#x62D;&#x647; : &#x633;&#x642;&#x648;&#x637;&#x647; &#x628;&#x637;&#x644;&#x627;&#x646;&#x647; * &#x625;&#x64A;&#x62F;&#x627;&#x639;&#x647; : &#x628;&#x64A;&#x627;&#x646;&#x627;&#x62A; &#x62D;&#x643;&#x645; &#x627;&#x644;&#x625;&#x62F;&#x627;&#x646;&#x629; * &#x628;&#x64A;&#x627;&#x646;&#x627;&#x62A; &#x627;&#x644;&#x62A;&#x633;&#x628;&#x64A;&#x628; / </subfield>
    <subfield code="c">&#x62A;&#x623;&#x644;&#x64A;&#x641; &#x62F;&#x643;&#x62A;&#x648;&#x631; &#x645;&#x62C;&#x62F;&#x649; &#x645;&#x62D;&#x645;&#x648;&#x62F; &#x645;&#x62D;&#x628; &#x62D;&#x627;&#x641;&#x638;.</subfield>
  </datafield>
  <datafield tag="264" ind1=" " ind2="1">
    <subfield code="a">&#x627;&#x644;&#x642;&#x627;&#x647;&#x631;&#x629; :</subfield>
    <subfield code="b">&#x62F;&#x627;&#x631; &#x634;&#x627;&#x62F;&#x649;&#x60C;</subfield>
    <subfield code="b">&#x62F;&#x627;&#x631; &#x627;&#x644;&#x639;&#x62F;&#x627;&#x644;&#x629;&#x60C;</subfield>
    <subfield code="c">2008.</subfield>
  </datafield>
  <datafield tag="300" ind1=" " ind2=" ">
    <subfield code="a">579 - 1064 &#x61B;&#x635;&#x641;&#x62D;&#x629;</subfield>
    <subfield code="c">24 &#x633;&#x645;.</subfield>
    <subfield code="b">&#x625;&#x64A;&#x636;&#x627;&#x62D;&#x64A;&#x627;&#x62A;&#x60C; &#x635;&#x648;&#x631;&#x60C; &#x645;&#x62B;&#x64A;&#x644;&#x64A;&#x627;&#x62A; &#x61B; </subfield>
  </datafield>
  <datafield tag="336" ind1=" " ind2=" ">
    <subfield code="2">rda content</subfield>
    <subfield code="a">text</subfield>
  </datafield>
  <datafield tag="337" ind1=" " ind2=" ">
    <subfield code="2">rda media</subfield>
    <subfield code="a">Computer</subfield>
  </datafield>
  <datafield tag="338" ind1=" " ind2=" ">
    <subfield code="2">rda carrier</subfield>
    <subfield code="a">Online Resource</subfield>
  </datafield>
  <datafield tag="504" ind1=" " ind2=" ">
    <subfield code="a">. 240-220 &#x628;&#x628;&#x644;&#x64A;&#x648;&#x62C;&#x631;&#x627;&#x641;&#x64A;&#x627;: &#x635;&#x641;&#x62D;&#x627;&#x62A;.</subfield>
  </datafield>
  <datafield tag="505" ind1=" " ind2=" ">
    <subfield code="a">&#x627;&#x644;&#x62C;&#x632;&#x621; &#x627;&#x644;&#x62B;&#x627;&#x646;&#x649; &#x64A;&#x62D;&#x62A;&#x648;&#x649; &#x645;&#x646; &#x62D;&#x631;&#x641; &#x627;&#x644;&#x623;&#x644;&#x641; &#x625;&#x644;&#x649; &#x62D;&#x631;&#x641; &#x627;&#x644;&#x62D;&#x627;&#x621; </subfield>
  </datafield>
  <datafield tag="546" ind1=" " ind2=" ">
    <subfield code="a">&#x627;&#x644;&#x646;&#x635; &#x628;&#x627;&#x644;&#x644;&#x63A;&#x629; &#x627;&#x644;&#x639;&#x631;&#x628;&#x64A;&#x629;</subfield>
  </datafield>
  <datafield tag="650" ind1="1" ind2=" ">
    <subfield code="a">&#x627;&#x644;&#x623;&#x62D;&#x643;&#x627;&#x645; &#x627;&#x644;&#x62C;&#x646;&#x627;&#x626;&#x64A;&#x629; </subfield>
    <subfield code="x">&#x623;&#x62D;&#x643;&#x627;&#x645; &#x627;&#x644;&#x646;&#x642;&#x636; </subfield>
    <subfield code="2">qrmak</subfield>
  </datafield>
  <datafield tag="650" ind1="1" ind2=" ">
    <subfield code="a">&#x627;&#x644;&#x642;&#x627;&#x646;&#x648;&#x646; &#x627;&#x644;&#x62C;&#x646;&#x627;&#x626;&#x649; </subfield>
    <subfield code="2">qrmak</subfield>
  </datafield>
  <datafield tag="651" ind1="1" ind2=" ">
    <subfield code="2">qrmak</subfield>
  </datafield>
  <datafield tag="856" ind1="4" ind2="0">
    <subfield code="u">https://fll.law.cu.edu.eg/fulltext/bks/B10-10696.pdf</subfield>
  </datafield>
  <datafield tag="905" ind1=" " ind2=" ">
    <subfield code="a">54</subfield>
  </datafield>
  <datafield tag="942" ind1=" " ind2=" ">
    <subfield code="2">ddc</subfield>
    <subfield code="c">BK</subfield>
    <subfield code="e">21</subfield>
    <subfield code="n">0</subfield>
  </datafield>
  <datafield tag="999" ind1=" " ind2=" ">
    <subfield code="c">73719</subfield>
    <subfield code="d">73719</subfield>
  </datafield>
  <datafield tag="952" ind1=" " ind2=" ">
    <subfield code="0">0</subfield>
    <subfield code="1">0</subfield>
    <subfield code="2">ddc</subfield>
    <subfield code="4">0</subfield>
    <subfield code="7">1</subfield>
    <subfield code="8">&#x627;&#x644;&#x642;&#x627;&#x646;&#x648;&#x646; &#x627;&#x644;&#x62C;&#x646;&#x627;&#x626;&#x64A;</subfield>
    <subfield code="a">CU</subfield>
    <subfield code="b">LAW1</subfield>
    <subfield code="d">2026-04-27</subfield>
    <subfield code="l">0</subfield>
    <subfield code="o">Law1 10 343.3807 &#x645; &#x62C; . &#x645;  2008 1010696 V2, C1 </subfield>
    <subfield code="p">B10-10696</subfield>
    <subfield code="r">2026-04-27 18:30:42</subfield>
    <subfield code="t">1 </subfield>
    <subfield code="w">2026-04-27</subfield>
    <subfield code="y">BK</subfield>
  </datafield>
</record>
